Periodiek systeemquiz - Statistieken

Algemene statistieken
  • Deze quiz is 605 keer genomen
  • De gemiddelde score is 40 van 118
Antwoordstatistieken
# Symbol Element % Correct
1 H Waterstof
98%
8 O Zuurstof
91%
2 He Helium
90%
79 Au Goud
87%
6 C Koolstof
84%
7 N Stikstof
81%
47 Ag Zilver
81%
26 Fe IJzer
76%
29 Cu Koper
75%
11 Na Natrium
74%
17 Cl Chloor
72%
9 F Fluor
72%
19 K Kalium
71%
10 Ne Neon
70%
3 Li Lithium
69%
15 P Fosfor
68%
5 B Boor
67%
35 Br Broom
67%
18 Ar Argon
66%
12 Mg Magnesium
66%
16 S Zwavel
66%
13 Al Aluminium
65%
20 Ca Calcium
64%
50 Sn Tin
60%
4 Be Beryllium
58%
30 Zn Zink
57%
82 Pb Lood
56%
92 U Uranium
55%
36 Kr Krypton
52%
54 Xe Xenon
52%
28 Ni Nikkel
51%
24 Cr Chroom
49%
14 Si Silicium
49%
99 Es Einsteinium
48%
25 Mn Mangaan
48%
80 Hg Kwik
47%
56 Ba Barium
45%
53 I Jodium
45%
27 Co Kobalt
43%
32 Ge Germanium
42%
86 Rn Radon
42%
38 Sr Strontium
42%
74 W Wolfraam
41%
22 Ti Titanium
40%
78 Pt Platina
38%
31 Ga Gallium
35%
94 Pu Plutonium
34%
23 V Vanadium
33%
87 Fr Francium
31%
88 Ra Radium
31%
48 Cd Cadmium
30%
34 Se Seleen
30%
21 Sc Scandium
26%
55 Cs Cesium
24%
98 Cf Californium
23%
46 Pd Palladium
23%
84 Po Polonium
23%
39 Y Yttrium
23%
40 Zr Zirkonium
23%
95 Am Americium
22%
63 Eu Europium
22%
49 In Indium
22%
42 Mo Molybdeen
22%
83 Bi Bismut
20%
101 Md Mendelevium
20%
104 Rf Rutherfordium
20%
52 Te Telluur
20%
90 Th Thorium
20%
102 No Nobelium
19%
107 Bh Bohrium
18%
96 Cm Curium
18%
93 Np Neptunium
18%
41 Nb Niobium
17%
45 Rh Rhodium
17%
37 Rb Rubidium
17%
44 Ru Ruthenium
17%
43 Tc Technetium
17%
70 Yb Ytterbium
17%
110 Ds Darmstadtium
16%
57 La Lanthanium
16%
76 Os Osmium
16%
89 Ac Actinium
15%
67 Ho Holmium
15%
77 Ir Iridium
15%
103 Lr Lawrencium
15%
118 Og Oganesson
15%
72 Hf Hafnium
14%
116 Lv Livermorium
14%
33 As Arsenicum
13%
97 Bk Berkelium
13%
68 Er Erbium
13%
108 Hs Hassium
13%
117 Ts Tennessine
13%
58 Ce Cerium
11%
112 Cn Copernicium
11%
64 Gd Gadolinium
11%
109 Mt Meitnerium
11%
115 Mc Moscovium
11%
75 Re Renium
11%
81 Tl Thallium
11%
105 Db Dubnium
10%
62 Sm Samarium
10%
85 At Astatium
9%
113 Nh Nihonium
9%
51 Sb Antimonium
8%
100 Fm Fermium
8%
114 Fl Flerovium
8%
71 Lu Lutetium
8%
61 Pm Promethium
8%
111 Rg Roentgenium
8%
106 Sg Seaborgium
8%
73 Ta Tantalium
8%
69 Tm Thulium
7%
66 Dy Dysprosium
6%
60 Nd Neodymium
5%
59 Pr Praseodymium
5%
91 Pa Protactinium
5%
65 Tb Terbium
5%
Geen overeenkomende quizzen gevonden
Scoreverdeling
Procent van Mensen met Elke Score
Percentiel versus Aantal Correcte Antwoorden
Uw Scoregeschiedenis
U heeft deze quiz nog niet genomen